Educational research : (Record no. 4095)

000 -LEADER
fixed length control field 01209cam a2200337 a 4500
001 - CONTROL NUMBER
control field 15141480
003 - CONTROL NUMBER IDENTIFIER
control field Nust
005 - DATE AND TIME OF LATEST TRANSACTION
control field 20170105101620.0
008 - FIXED-LENGTH DATA ELEMENTS--GENERAL INFORMATION
fixed length control field 080114s2009 njua b 001 0 eng
010 ## - LIBRARY OF CONGRESS CONTROL NUMBER
LC control number 2008001686
020 ## - INTERNATIONAL STANDARD BOOK NUMBER
International Standard Book Number 9780132338776
020 ## - INTERNATIONAL STANDARD BOOK NUMBER
International Standard Book Number 0132338777
035 ## - SYSTEM CONTROL NUMBER
System control number (OCoLC)ocn190860166
035 ## - SYSTEM CONTROL NUMBER
System control number (OCoLC)190860166
040 ## - CATALOGING SOURCE
Original cataloging agency DLC
Transcribing agency DLC
Modifying agency YDX
-- BAKER
-- YDXCP
-- BWX
-- BTCTA
-- DLC
050 00 - LIBRARY OF CONGRESS CALL NUMBER
Classification number LB1028
Item number .G37 2009
082 00 - DEWEY DECIMAL CLASSIFICATION NUMBER
Classification number 370.72
Author Mark GAY
100 1# - MAIN ENTRY--PERSONAL NAME
Personal name Gay, L. R.
245 10 - TITLE STATEMENT
Title Educational research :
Remainder of title competencies for analysis and applications /
Statement of responsibility, etc. L.R. Gay, Geoffrey E. Mills, Peter W. Airasian.
250 ## - EDITION STATEMENT
Edition statement 9th ed.
260 ## - PUBLICATION, DISTRIBUTION, ETC.
Place of publication, distribution, etc. Upper Saddle River, N.J. :
Name of publisher, distributor, etc. Merrill/Pearson,
Date of publication, distribution, etc. 2009.
300 ## - PHYSICAL DESCRIPTION
Extent xvi, 618 p. :
Other physical details ill. ;
Dimensions 27 cm.
504 ## - BIBLIOGRAPHY, ETC. NOTE
Bibliography, etc. note Includes bibliographical references and index.
650 #0 - SUBJECT ADDED ENTRY--TOPICAL TERM
Topical term or geographic name entry element Education
General subdivision Research.
700 1# - ADDED ENTRY--PERSONAL NAME
Personal name Mills, Geoffrey E.
700 1# - ADDED ENTRY--PERSONAL NAME
Personal name Airasian, Peter W.
856 41 - ELECTRONIC LOCATION AND ACCESS
Materials specified Table of contents only
Uniform Resource Identifier <a href="http://www.loc.gov/catdir/toc/ecip088/2008001686.html">http://www.loc.gov/catdir/toc/ecip088/2008001686.html</a>
906 ## - LOCAL DATA ELEMENT F, LDF (RLIN)
a 7
b cbc
c orignew
d 1
e ecip
f 20
g y-gencatlg
942 ## - ADDED ENTRY ELEMENTS (KOHA)
Source of classification or shelving scheme
Koha item type Book
Holdings
Withdrawn status Lost status Source of classification or shelving scheme Damaged status Not for loan Collection code Permanent Location Current Location Shelving location Date acquired Total Checkouts Total Renewals Full call number Barcode Checked out Date last seen Date last checked out Copy number Price effective from Koha item type
            Central Library (CL) Central Library (CL) Book Cart 12/21/2016 7 1 370.72 GAY CL1986 02/01/2026 01/02/2026 01/02/2026 1 12/21/2016 Book
© 2023 Central Library, National University of Sciences and Technology. All Rights Reserved.